LIBRARY & INFORMATION CENTRE, KCAET, TAVANUR

ONLINE PUBLIC ACCESS CATALOGUE (OPAC)

Text book of optics / (Record no. 12900)

MARC details
000 -LEADER
fixed length control field 00514cam a2200205ua 4500
020 ## - INTERNATIONAL STANDARD BOOK NUMBER
ISBN 81-219-2611-4
041 ## - LANGUAGE CODE
Language code of text/sound track or separate title eng
082 ## - DEWEY DECIMAL CLASSIFICATION NUMBER
Classification number 535
Item number SUB/TE
100 ## - MAIN ENTRY--AUTHOR NAME
Personal name Subramanyam, N .
245 ## - TITLE STATEMENT
Title Text book of optics /
250 ## - EDITION STATEMENT
Edition statement 23 /
260 ## - PUBLICATION, DISTRIBUTION, ETC. (IMPRINT)
Place of publication New Delhi :
Name of publisher S.Chand and Co ,
Year of publication 2006.
300 ## - PHYSICAL DESCRIPTION
Number of Pages 668 ; .
700 1# - ADDED ENTRY--PERSONAL NAME
Personal name Avadhanulu, M.N .
700 1# - ADDED ENTRY--PERSONAL NAME
Personal name Brijlal, .
942 ## - ADDED ENTRY ELEMENTS (KOHA)
Koha item type Books
Holdings
Withdrawn status Lost status Damaged status Home library Current library Date acquired Full call number Accession Number Koha item type
      KAUAET KAUAET 07/04/2012 535 SUB/TE 21207 Books
free website counter